000 00223nam a22000857a 4500
008 160914b xxu||||| |||| 00| 0 eng d
100 _9428
_aScott.P
245 _aMental Arithmetic-3
260 _aNew Delhi
_bFrank Publications
_c2012
999 _c3087
_d3087